000 00306nam a2200109Ia 4500
008 171211s9999 xx 000 0 und d
245 _aMikoyan-Gurevich MiG-21
245 _cAlexadner Mladenov
260 _c2014
650 _xMilitary
856 _uhttp://down.ebook777.com/OAV14_Mikoyan-Gurevich_MiG-21.pdf
999 _c348318
_d348318